Internacionalizace podniků a význam interkulturálních rozdílů
Nové medzinárodné prostredie a nové výzvy pre manažérov. Existencia medzikultúrnych rozdielov a ich využívanie vo svoj prospech. Ako uspieť v novom, komplexnom prostredí. Nové výzvy týkajúce sa troch úrovní riadenia. Kultúrna diverzita ako súčasť riadenia - výhody a riziká. Riadenie ľudských zdrojov...
Salvato in:
| Autore principale: | |
|---|---|
| Natura: | Capitolo di libro |
| Lingua: | ceco |
| Soggetti: | |
| Tags: |
Nessun Tag, puoi essere il primo ad aggiungerne!!
|
MARC
| LEADER | 00000naa$a2200000$$$4500 | ||
|---|---|---|---|
| 001 | 0079584 | ||
| 005 | 20221207083406.7 | ||
| 041 | 0 | |a cze | |
| 044 | |a CZ | ||
| 245 | 1 | 0 | |a Internacionalizace podniků a význam interkulturálních rozdílů |c Miroslava Zamykalová |
| 520 | |a Nové medzinárodné prostredie a nové výzvy pre manažérov. Existencia medzikultúrnych rozdielov a ich využívanie vo svoj prospech. Ako uspieť v novom, komplexnom prostredí. Nové výzvy týkajúce sa troch úrovní riadenia. Kultúrna diverzita ako súčasť riadenia - výhody a riziká. Riadenie ľudských zdrojov v multikultúrnom prostredí. | ||
| 610 | 2 | 0 | |a internacionalizácia ekonomiky |
| 610 | 2 | 0 | |a internacionalizácia výroby |
| 610 | 2 | 0 | |a podnikanie medzinárodné |
| 610 | 2 | 0 | |a konkurencia |
| 610 | 2 | 0 | |a výhody konkurenčné |
| 610 | 2 | 0 | |a riadenie ľudských zdrojov |
| 610 | 2 | 0 | |a riadenie podnikové |
| 610 | 2 | 0 | |a tímy pracovné |
| 610 | 2 | 0 | |a kultúra |
| 610 | 2 | 0 | |a pohyb síl pracovných medzinárodný |
| 100 | 1 | |a Zamykalová, Miroslava | |